Digital mapping data standards: an international perspective (Record no. 99020)

MARC details
000 -LEADER
fixed length control field 00576cam a2200181 4500
001 - CONTROL NUMBER
control field D11361
008 - FIXED-LENGTH DATA ELEMENTS--GENERAL INFORMATION
fixed length control field 090401t1985 xxu||||| |||| 00| 0 eng d
035 ## - SYSTEM CONTROL NUMBER
System control number (Sirsi) u97892
041 ## - LANGUAGE CODE
Language code of text/sound track or separate title eng
050 ## - LIBRARY OF CONGRESS CALL NUMBER
Classification number 526.0285
100 ## - MAIN ENTRY--PERSONAL NAME
Personal name Rhind, D.W.
245 ## - TITLE STATEMENT
Title Digital mapping data standards: an international perspective
260 ## - PUBLICATION, DISTRIBUTION, ETC.
Date of publication, distribution, etc. 1985
350 ## - PRICE (NR) (BK AM CF MU VM SE) [OBSOLETE]
Price 0
520 ## - SUMMARY, ETC.
Summary, etc. In RICS Survey and mapping 85: the 2nd UK national land surveying and mapping conference and exhibition, University of Reading,25-29 March 1985. (Paper G5) 1985/11 ABC
942 ## - ADDED ENTRY ELEMENTS (KOHA)
Suppress in OPAC 0
948 ## - LOCAL PROCESSING INFORMATION (OCLC); SERIES PART DESIGNATOR (RLIN)
c (OCLC) 04/03/1997
Holdings
Withdrawn status Lost status Source of classification or shelving scheme Damaged status Not for loan Home library Current library Shelving location Date acquired Total Checkouts Full call number Barcode Date last seen Copy number Price effective from Koha item type
    Other/Generic Classification Scheme     London London RICS Boxes 13/08/1991   RICS 1985/11 30017242 06/08/2019 1 06/08/2019 Book
    Other/Generic Classification Scheme     London London RICS Boxes 13/08/1991   RICS 1985/11 30017359 06/08/2019 2 06/08/2019 Reference material